Responses for Show #2018 - Wednesday, May 19, 1993

Bev Schwartzberg game 4.

Contestants

[<< previous game]

Adam Green, a financial analyst from New York City

Gus Papadopoulos, an operations accountant from Clearwater, Florida

Bev Schwartzberg, a history teacher originally from Amherst, Massachusetts (whose 3-day cash winnings total $35,099)

[next game >>]

Jeopardy! Round responses

U.S. GEOGRAPHY
ACTORS IN WESTERNS
BUSINESS & INDUSTRY
DAVID
MUSEUMS
POTPOURRI
    $100 1
Michigan

Bev
    $100 4
Reagan

Bev
    $100 17
(Adam: What is Switzerland?)

France

GusAdam
    $100 24
Goliath

Adam
    $100 7
Oslo

Bev
    $100 12
(Adam: What is Polly Olly Doodle?)
...
(Alex: Gosh, you were so close, Adam. What is [*]? I know. I know. It's a cruel world, Adam.)
(Adam: Very cruel, Alex.)

Polly Wolly Doodle

Adam
Triple Stumper
    $200 2
the Mojave

Bev
    $200 20
Bat Masterson

Gus
    $200 18
Heinz

Bev
    $200 27
the lyre (the harp)

Adam
    $200 8
Rome

Adam
    $200 13
a dog

Adam
    $300 3
the Hudson River

Adam
    $300 23
Stagecoach

Bev
    $300 19
USX

Adam
    $300 28
Bathsheba

Bev
    $300 9
Illinois

Bev
    $300 14
Dr. Seuss

Bev
    $400 5
(Adam: What is Hawaii?)

Maui

Adam
Triple Stumper
    $400 25
Calamity Jane

Gus
    $500 21
Sears

Gus
    $400 29
Saul

Adam
    $400 10
Montana

Bev
    $400 15
Saturday

Adam
    $500 6
the Appalachian Trail

Bev
    $500 26
Errol Flynn

Triple Stumper
    $500 22
(Bev: What's Johnson & Johnson?)

S.C. Johnson & Son (Samuel Johnson & Son accepted)

BevAdam
    $500 30
David's sons

Adam
    $500 11
Chopin

Bev
    $500 16
Petroleum

Bev

Scores at the first commercial break (after clue 16):

Bev Gus Adam
$3,000 $0 $600

Scores at the end of the Jeopardy! Round:

Bev Gus Adam
$3,300 $1,200 $2,500

Double Jeopardy! Round responses

THE 20th CENTURY
LIFE SCIENCE
U.S. GOVERNMENT
BAVARIA
POTENT POTABLES
OPERA
    $200 4
the Nobel Prize

Bev
    $200 21
blood

Adam
    $200 1
Social Security

Bev
    $200 16
a castle

Bev
    $200 11
vodka

Adam
    $200 26
Lightning

Bev
    $400 7
Stalin

Bev
    $400 22
genetic

Adam
    $400 2
(Bev: What's the Treasury?)
(Alex: Be more specific.)
(Bev: What's the Treasury department?)

the Bureau of the Mint

BevGus
    $400 17
the Passion Play

Bev
    $400 12
Italy

Adam
    $400 27
Wagner

Bev
    $600 8
the Statue of Liberty

Bev
    $600 23
DNA

Adam
    $600 3
(Adam: Who is the Secretary of the Interior?)

the Secretary of State

Adam
Triple Stumper
    $600 18
Munich

Gus
    $600 13
gin

Adam
    $600 28
Lucrezia Borgia

Gus
    $800 9
Wallis Warfield Simpson (Duchess of Windsor)

Gus
    $2,000 24
(Alex: And we have about a minute to go in the round.)

carbon

Adam
    $800 5
(Gus: What is the Interior?)

Commerce

BevGus
    $2,200 19
(Gus: Who is Kaiser Wilhelm?)

Prince Albert

Gus
    $800 14
brandy

Adam
    $800 29
(Adam: Um, [*].)
(Alex: Sorry. Adam, you can't ring in again.)
(Adam: It's a reflex action.)
(Alex: Two problems, Adam, with your response. One, time had run out, and second, you didn't phrase it in the form of a question.)

Giuseppe

Adam
Triple Stumper
    $1000 10
Romania

Adam
    $1000 20
(Gus: What is species?)
(Adam: What is phyla?)

order

GusAdam
Triple Stumper
    $1000 6
the U.S. Information Agency

Bev
    $1000 25
(Gus: What is a St. Bernard?)

the giant schnauzer

Gus
Triple Stumper
    $1000 15
[Applause for Adam's run of the category]
(Alex: What is it in your background that enabled you to run this entire category from top to bottom?)
(Adam: I had a good life, Alex.)
(Alex: Obviously, for one so young.)

aquavit

Adam
    $1000 30
(Gus: Who is Ivan the Terrible?)

Boris Godunov

Gus
Triple Stumper

Scores at the end of the Double Jeopardy! Round:

Bev Gus Adam
$7,300 -$2,400 $7,300

[wagering suggestions for these scores]

Final Jeopardy! Round responses

FAMOUS WOMEN
AdamWho was Pearl Buck
$7,300
BevWho is Pearl Buck?
$7,300
Pearl Buck

Final scores:

Bev Gus Adam
$14,600 -$2,400 $14,600
4-day co-champion: $49,699 2nd place: trip to Boston, Massachusetts New co-champion: $14,600

Game dynamics:

Coryat scores:

Bev Gus Adam
$7,300 -$300 $6,100
23 R,
2 W
8 R
(including 1 DD),
5 W
(including 1 DD)
20 R
(including 1 DD),
6 W

Combined Coryat: $13,100

[game clues] [game scores] [suggest correction]

Game tape date: 1993-01-11
The J! Archive is created by fans, for fans. Scraping, republication, monetization, and malicious use prohibited; this site may use cookies and collect identifying information. See terms. The Jeopardy! game show and all elements thereof, including but not limited to copyright and trademark thereto, are the property of Jeopardy Productions, Inc. and are protected under law. This website is not affiliated with, sponsored by, or operated by Jeopardy Productions, Inc. Join the discussion at JBoard.tv.